Sadzobník pre navrhovanie ponukových cien projektových prác a inžinierskych činností : Novela 2020 /

Gespeichert in:
Bibliographische Detailangaben
Weitere Verfasser: Brogyányiová, Elga (Herausgegeben von)
Format: Buch
Sprache:Slowakisch
Veröffentlicht: Bratislava : UNIKA, 2020
Ausgabe:1. vydanie
Schlagworte:
Tags: Tag hinzufügen
Keine Tags, Fügen Sie das erste Tag hinzu!

MARC

LEADER 00000nam a22000003a 4500
001 0080480
003 SK-STU
005 20200224154326.9
007 ta
008 200224s ----xo-----e------000-0-----d
020 |a 978-80-88966-93-7 
040 |a STU  |b slo 
041 0 |a slo 
044 |a xo 
100 1 |a Brogyányiová, Elga  |4 edt 
245 1 0 |a Sadzobník pre navrhovanie ponukových cien projektových prác a inžinierskych činností :  |b Novela 2020 /  |c ed. Elga Brogyányiová 
250 |a 1. vydanie 
260 |a Bratislava :  |b UNIKA,  |c 2020 
300 |a 161 s. 
650 0 7 |a sadzobníky 
650 0 7 |a príručky odborné 
650 0 7 |a kalkulácia cien 
650 0 7 |a zákony a vyhlášky 
650 0 7 |a ceny 
650 0 7 |a projektové plánovanie 
650 0 7 |a zmluvy 
650 0 7 |a architektonické konštrukcie a projektovanie 
650 0 7 |a cenník služieb 
650 0 7 |a architektonické navrhovanie 
996 |b 284AU08321  |c A* 11581/U  |l AAKNST  |s P  |a 0  |w 0080480_0001 
996 |b 284AU08322  |c A* 11582/U  |l AAKNAR  |s A  |a 24  |w 0080480_0002